| 000 | 00000nam 2200000zi 4500 |
| 001 | 9.936362 |
| 003 | CaOODSP |
| 005 | 20240405094226 |
| 006 | m o d f |
| 007 | cr cn |||||||| |
| 008 | 240404e202304 onca ob f000 0 fre d |
| 040 | |aCaOODSP|bfre|erda|cCaOODSP |
| 043 | |an-cn--- |
| 086 | 1 |aNH21-32/2023F-PDF |
| 245 | 00|aÉvaluation des Programmes de rénovation dans les réserves et du Programme de logement sans but lucratif dans les réserves (article 95) : |brapport d'évaluation final. |
| 264 | 1|a[Ottawa] : |bSCHL = CMHC, |cavril 2023. |
| 300 | |a1 ressource en ligne (68, A3 pages) : |billustrations en couleur + |eréponse et plan d'action de la direction (4 pages) |
| 336 | |atexte|btxt|2rdacontent/fre |
| 337 | |ainformatique|bc|2rdamedia/fre |
| 338 | |aressource en ligne|bcr|2rdacarrier/fre |
| 500 | |aPublié aussi en anglais sous le titre : Evaluation of the On-reserve Renovation Programs and the On-reserve Non-profit Housing Program (Section 95) : final evaluation report. |
| 500 | |aTitre de la couverture. |
| 500 | |a« Logement pour les autochtones et le nord »--Couverture. |
| 504 | |aComprend des références bibliographiques (pages 66-[69]). |
| 520 | |a« Le Programme de logement sans but lucratif dans les réserves (article 95) offre une aide financière sous forme de subventions et de prêts. Il vise à accroître l'offre de logements locatifs dans les réserves pour les personnes à faible revenu. Les projets admissibles comprennent la construction, l'acquisition, la remiseen état ou la conversion de logements. Les Programmes de rénovation dans les réserves constituent une gamme de programmes. Ceux-ci sont offerts pour réparer, convertir ou adapter des logements dans les communautés des Premières Nations depuis 1978. L'aide est principalement versée sous forme de prêt-subvention. L'évaluation portait sur tous les Programmes de rénovation dans les réserves, à l'exception du Programme d'amélioration des maisons d'hébergement. Ce programme sera évalué au cours des prochaines années »--Description des programmes, page 3. |
| 650 | 6|aPeuples autochtones|xLogement|zCanada|xFinances|xÉvaluation. |
| 650 | 6|aAide de l'État aux autochtones|zCanada|xÉvaluation. |
| 650 | 6|aAide de l'État au logement|zCanada|xÉvaluation. |
| 710 | 2 |aSociété canadienne d'hypothèques et de logement, |eorganisme de publication. |
| 775 | 08|tEvaluation of the On-reserve Renovation Programs and the On-reserve Non-profit Housing Program (Section 95) : |w(CaOODSP)9.936363 |
| 856 | 40|qPDF|s2.48 Mo|uhttps://publications.gc.ca/collections/collection_2024/schl-cmhc/NH21-32-2023-fra.pdf|zRapport d'évaluation final |
| 856 | 40|qPDF|s276 Ko|uhttps://publications.gc.ca/collections/collection_2024/schl-cmhc/NH21-32-2023-1-fra.pdf|zRéponse et plan d'action de la direction |